000 00447nam a2200157 i 4500
001 141481
003 ES-MaACL
005 20230906200313.0
007 t|
008 070924s1939 gw ||||1| ger d
100 1 _aVoigt-Diederichs, Helene.
_9115675
245 1 0 _aVom alten Schlag
_b: Erzèahlungen /
_cHelene Voigt-Diederichs.
260 _aJena :
_bDiederichs,
_c[1939]
300 _a77 p. ;
_c18 cm.
852 _aES-MaACL
_jF-10802
_bR.19112
999 _c141481
_d141481